000 00501nam a2200181Ia 4500
003 OSt
005 20260325095722.0
008 211028s2006 xx 000 0 und d
040 _cAIMIT LIBRARY
041 _aeng
082 _a658.15 KUMA
100 _aKumar K, Arun;Pinto, Prakash.
_g40911076
_95512
245 _aA study of portfolio selection using capital assent pricing model /
260 _bPinto, Prakash
_c2006
600 _aFinance
_95513
650 _aFinance
_95514
942 _2ddc
_cPRO
999 _c217929
_d217929